Domenica è sempre domenica 16 grandi successi di Gorni Kramer (Record n. 98869)

Dettagli MARC
000 -LEADER
fixed length control field 02327njm a2200385Ia 4500
001 - CONTROL NUMBER
control field 25657
003 - CONTROL NUMBER IDENTIFIER
control field IT-RoPAU
005 - DATE AND TIME OF LATEST TRANSACTION
control field 20220918181109.0
008 - FIXED-LENGTH DATA ELEMENTS--GENERAL INFORMATION
fixed length control field 131025s9999 xx 000 0 und d
040 ## - CATALOGING SOURCE
Original cataloging agency IT-RoPAU
040 ## - CATALOGING SOURCE
Transcribing agency IT-RoPAU
041 ## - LANGUAGE CODE
Language code of text/sound track or separate title ITALIANO
999 ## - SYSTEM CONTROL NUMBERS (KOHA)
Koha Dewey Subclass [OBSOLETE] n.d.
100 ## - MAIN ENTRY--PERSONAL NAME
Personal name AA.VV.
9 (RLIN) 794
100 ## - MAIN ENTRY--PERSONAL NAME
Relator term Autore musica
9 (RLIN) 13127
100 ## - MAIN ENTRY--PERSONAL NAME
Miscellaneous information Codice autore musica SPICS: 12000
9 (RLIN) 796
245 ## - TITLE STATEMENT
Title Domenica è sempre domenica 16 grandi successi di Gorni Kramer
250 ## - EDITION STATEMENT
Edition statement 1a ed.
260 ## - PUBLICATION, DISTRIBUTION, ETC. (IMPRINT)
Place of publication, distribution, etc. ROMA
260 ## - PUBLICATION, DISTRIBUTION, ETC. (IMPRINT)
Name of publisher, distributor, etc. RCA (RADIO CORP. AMERICA)
Date of publication, distribution, etc. 1978 [1a Ed.:1978]
300 ## - PHYSICAL DESCRIPTION
Extent DISCO
300 ## - PHYSICAL DESCRIPTION
Dimensions 42 minuti (Testo: pag.)
500 ## - GENERAL NOTE
General note Canzone italiana. Musica leggera. Canzoni di successo
505 ## - FORMATTED CONTENTS NOTE
Formatted contents note Amore fermati [(Bongusto Fred) (3:00)] - Domenica è sempre domenica [(Riva Mario) (3:00)] - O baby kiss me [(Bonino Ernesto) (3:00)] - Ho il cuore in paradiso [(Lojacono Corrado) (3:00)] - Donna [(Quartetto Cetra) (3:00)] - Un bacio a mezzanotte [(Quartetto Cetra) (3:00)] - In un palco della Scala [(Quartetto Cetra) (5:00)] - Simpatica [(Arigliano Nicola) (3:00)] - Pippo non lo sa [(Martino Miranda) (3:00)] - Attanasio cavallo vanesio [(Rascel Renato) (4:00)] - Un giorno ti dirò [(Curtis Betty) (2:00)] - Piccola Italy [(Bonino Ernesto) (4:00)] - Buonanotte al mare [(Rascel Renato) (4:00)] - Soldi, soldi, soldi [(Loren Sophia) (2:00)] - Femminilità [(D'Amico Anna) (3:00)] - Concertino [(Bacilieri Paolo) (3:00)]
650 ## - SUBJECT ADDED ENTRY--TOPICAL TERM
Topical term or geographic name as entry element CANZONE ITALIAN [DISCHI]
Relator term Codice MATERIA SPICS: 9950
9 (RLIN) 13128
700 ## - ADDED ENTRY--PERSONAL NAME
Personal name Kramer Gorni
Dates associated with a name Codice autore musica SPICS: 11552
Relator term Autore musica
9 (RLIN) 13129
700 ## - ADDED ENTRY--PERSONAL NAME
Personal name Giovannini Sandro
Dates associated with a name Codice autore testo/musica SPICS: 13634
Relator term Autore musica
9 (RLIN) 13130
700 ## - ADDED ENTRY--PERSONAL NAME
Personal name Garinei Pietro
Dates associated with a name Codice autore testo/musica SPICS: 13576
Relator term Autore testo/musica
9 (RLIN) 13131
700 ## - ADDED ENTRY--PERSONAL NAME
Personal name Zapponi Bernardino
Dates associated with a name Codice autore musica SPICS: 3374
Relator term Autore musica
Name of part/section of a work Amore fermati
9 (RLIN) 13132
700 ## - ADDED ENTRY--PERSONAL NAME
Personal name Terzoli Italo
Dates associated with a name Codice autore SPICS: 789
Relator term Autore
Name of part/section of a work Amore fermati
9 (RLIN) 13133
700 ## - ADDED ENTRY--PERSONAL NAME
Personal name Panzeri Mario
Dates associated with a name Codice autore musica SPICS: 13372
Relator term Autore musica
Name of part/section of a work Pippo non lo sa
9 (RLIN) 13134
700 ## - ADDED ENTRY--PERSONAL NAME
Personal name Rastelli Nino
Dates associated with a name Codice autore SPICS: 13482
Relator term Autore
Name of part/section of a work Pippo non lo sa
9 (RLIN) 13135
700 ## - ADDED ENTRY--PERSONAL NAME
Personal name Bertini Umberto
Dates associated with a name Codice autore musica SPICS: 13511
Relator term Autore musica
Name of part/section of a work Un giorno ti dirò
9 (RLIN) 13136
942 ## - ADDED ENTRY ELEMENTS (KOHA)
Koha item type DISCHI
Source of classification or shelving scheme Dewey Decimal Classification
Dati di copia
Withdrawn status Lost status Damaged status Not for loan Home library Current library Date acquired Total Checkouts Full call number Date last seen Price effective from Koha item type Public note
    Buone Condizioni Not For Loan SPICS-MEDIATECA SPICS-MEDIATECA 25/10/2013   25657 25/10/2013 25/10/2013 DISCHI Progr. Ins.: 5531 / N.Vol.: 1 / Copie: 1 - Copia rara: n.d. / date import: 01.01.2014 - By Epidotti, Trombetti, Vaglietti
CREDITS: SOCIETA' SAN PAOLO Via A.Severo, 58 - ROMA (RM) & PERIODICI SAN PAOLO SRL Via Giotto, 36 MILANO & CISF Via Giotto, 36 MILANO & EDIZIONI SAN PAOLO SRL,  Piazza Soncino, 5 CINISELLO BALSAMO (MI) -- ITALY